Fußball Top 10 #21 (meiste gemeinsame Spiele mit Dele Alli) - Statistiken

Allgemein
  • Dieses Quiz wurde 51 mal gespielt
  • Das Durchschnittsergebnis liegt bei 6 aus 10
Antwortstatistiken
Platz Spiele mit Dele Alli Spieler % Korrekt
1 233 Harry Kane
100%
3 204 Heung-min Son
93%
4 198 Hugo Lloris
89%
8 154 Jan Vertonghen
64%
5 180 Toby Alderweireld
61%
6 179 Christian Eriksen
41%
7 158 Ben Davies
32%
2 228 Eric Dier
27%
10 122 Harry Winks
25%
9 126 Moussa Sissoko
18%
Keine übereinstimmenden Quizze gefunden
Verteilung der Resultate
Anzahl Personen mit jedem Resultat
Perzentil nach korrekt beantworteten Fragen
Ihre Resultats-Entwicklung
Sie haben dieses Quiz noch nicht gespielt